Southville International School and Colleges
Your cart is empty.
  • Cart
  • Lists
    Public lists Eva Luna New books Lux_list list_1
    Your lists Log in to create your own lists
  • Log in to your account
  • Your cookies
  • Search history
Southville International School and Colleges
  • Advanced search
  • Recent comments
  • Most popular
  • Libraries

Log in to your account

Log in with GOOGLE


If you do not have an external account, but do have a local account, you can still log in:

  1. Home
  2. MARC view: A Treasury of Fairy Tales.
Normal view MARC view ISBD view

A Treasury of Fairy Tales. (Record no. 12401)

[ view plain ]
MARC details
000 -LEADER
fixed length control field 00542nam a22001937a 4500
003 - CONTROL NUMBER IDENTIFIER
control field OSt
005 - DATE AND TIME OF LATEST TRANSACTION
control field 20140310182352.0
008 - FIXED-LENGTH DATA ELEMENTS--GENERAL INFORMATION
fixed length control field 130930t xxu||||| |||| 00| 0 eng d
020 ## - INTERNATIONAL STANDARD BOOK NUMBER
International Standard Book Number 1551855801
050 ## - LIBRARY OF CONGRESS CALL NUMBER
Classification number PZ 8.1
Item number .M379 1994
082 ## - DEWEY DECIMAL CLASSIFICATION NUMBER
Classification number GS 398.21
Item number .T71 1994
100 ## - MAIN ENTRY--PERSONAL NAME
Personal name Martin, Annie Claude
9 (RLIN) 22221
245 ## - TITLE STATEMENT
Title A Treasury of Fairy Tales.
Statement of responsibility, etc Annie-Claude Martin.
260 ## - PUBLICATION, DISTRIBUTION, ETC. (IMPRINT)
Place of publication, distribution, etc ON :
Name of publisher, distributor, etc Transedition Book,
Date of publication, distribution, etc 1994.
300 ## - PHYSICAL DESCRIPTION
Extent 400 p. :
Other physical details col. ill. ;
Dimensions 27.5 cm.
650 ## - SUBJECT ADDED ENTRY--TOPICAL TERM
Topical term or geographic name as entry element Fairy tales
9 (RLIN) 3114
942 ## - ADDED ENTRY ELEMENTS (KOHA)
Source of classification or shelving scheme Library of Congress Classification
Koha item type
Holdings
Withdrawn status Lost status Source of classification or shelving scheme Damaged status Home library Current library Shelving location Date acquired Total Checkouts Full call number Barcode Checked out Date last seen Date checked out Copy number Price effective from Koha item type
    Library of Congress Classification   Luxembourg Library Luxembourg Library Grade School Section 09/30/2013 1 PZ 8.1 .M379 1994 1064 09/24/2025 09/23/2025 09/23/2025 1 09/30/2013 Books

A Treasury of Fairy Tales.

APA

Martin A. C., . (1994). A Treasury of Fairy Tales. ON: Transedition Book.

Chicago

Martin Annie Claude, . 1994. A Treasury of Fairy Tales. ON: Transedition Book.

Harvard

Martin A. C., . (1994). A Treasury of Fairy Tales. ON: Transedition Book.

MLA

Martin Annie Claude, . A Treasury of Fairy Tales. ON: Transedition Book. 1994.

  • Place hold
  • Print
  • Cite
  • Add to your cart (remove)
  • Save record
    BIBTEX Dublin Core MARCXML MARC (non-Unicode/MARC-8) MARC (Unicode/UTF-8) MARC (Unicode/UTF-8, Standard) MODS (XML) RIS
  • More searches
    Search for this title in:
    Other Libraries (WorldCat) Other Databases (Google Scholar) Online Stores (Bookfinder.com) Open Library (openlibrary.org)

Exporting to Dublin Core...

SOUTHVILLE LIBRARY

Southville International School and Colleges Library

1281 Tropical Ave. Cor. Luxembourg St., BF Homes International, Las Pinas City

Tel. No. 8256374 / 252358 Loc. 117/146

Powered by Koha